00429cam a2200169ua 45000010005000000080039000050200017000440400009000610410008000700820010000781000025000882450070001132500009001832600028001923000010002206530029002309276150225n xxk |||gr||||Z||||||eng a978185683222 cMAIN aeng a006.3 aWhitby, B.,eAuthor.1 aArtificial intelligence : bBeginners guide / cBy Blay Whitby .  a1st. aLondon:bOxford,c2006. a144p. aSpecial computer methods